000 00792nam a22002417a 4500
003 UA-OsUOA
001 62398
007 ta
008 20090825b un ||||| |||| 00| 0 ukr d
100 _aДятлов В. О.
090 _a94(430)
_bД93
942 _cBK
040 _aUA-OsUOA
_bukr
_cUA-OsUOA
_dUA-OsUOA
245 _a"В ім'я Бога і загального добра". Нижчі верстви населення німецького міста і Реформація
_bмонографія
300 _a351 с.
955 _a1
041 _aukr
080 _a94(430)
020 _a5-7763-8952-6
260 _aЧернігів
_bСіверянська думка
_c1997
650 7 _a9 Географія. Біографії. Історія
_2UDC
999 _c348488
_d348488